Central Library OPAC University of Rajshahi

وجه الشيوعية / Wajh al-shuyūʻīyah / (Record no. 80875)

MARC details
000 -LEADER
fixed length control field 00637nam a2200205 4500
001 - CONTROL NUMBER
control field 80875
003 - CONTROL NUMBER IDENTIFIER
rucl marc code BD-RjUL
005 - DATE AND TIME OF LATEST TRANSACTION
control field 20221204102145.0
008 - FIXED-LENGTH DATA ELEMENTS--GENERAL INFORMATION
fixed length control field 221204s1955 u ||||| |||| 00| 0 ara d
035 ## - SYSTEM CONTROL NUMBER
System control number (BD-RjUL)80875
040 ## - CATALOGING SOURCE
Original cataloging agency BD-RjUL
Language of cataloging eng
Transcribing agency BD-RjUL
041 ## - LANGUAGE CODE
Language code of text/sound track or separate title ara
082 ## - DEWEY DECIMAL CLASSIFICATION NUMBER
Edition number 23
Classification number 335.4
Author mark and year HAW 1955
100 ## - MAIN ENTRY--PERSONAL NAME
Personal name Ḥakīm, M. حكيم، م
9 (RLIN) 6116
245 10 - TITLE STATEMENT
Title وجه الشيوعية / Wajh al-shuyūʻīyah /
Statement of responsibility, etc. م. حكيم., . / M. Ḥakīm., M. Ḥakīm
260 ## - PUBLICATION, DISTRIBUTION, ETC. (IMPRINT)
Place of publication, distribution, etc. [Place not identified],
Name of publisher, distributor, etc. [Place of publication not identified],
Date of publication, distribution, etc. 1955
300 ## - PHYSICAL DESCRIPTION
Pagination 284 pages ;
Size 24 cm
650 ## - SUBJECT ADDED ENTRY--TOPICAL TERM
Topical term or geographic name as entry element Communism
942 ## - ADDED ENTRY ELEMENTS (KOHA)
Source of classification or shelving scheme Dewey Decimal Classification
Koha item type Books
Holdings
Lost status Source of classification or shelving scheme Damaged status Not for loan Collection code Permanent Location Current Location Shelving location Date acquired Source of acquisition Total Checkouts Full call number Date last seen Copy number Koha item type
  Dewey Decimal Classification   Not For Loan Non-fiction Central Library, University of Rajshahi Central Library, University of Rajshahi Reading Room 04/12/2022 United state Information service, Dhaka   A 335.4 HAW 1955 04/12/2022 C-1 Books
  Dewey Decimal Classification     Non-fiction Central Library, University of Rajshahi Central Library, University of Rajshahi General Stacks 05/12/2022 United state Information service, Dhaka   A 335.4 HAW 1955 05/12/2022 C-2 Books